00271nam a2200109Ia 4500008004100000041000800041082002100049100001700070245002800087260003700115300000900152230519s9999 xx 000 0 und d aeng aX/891/GHU/DB0049 aGhugle Padma aAsa Amacha Jivan Prawah bPruthviraj PrakashanaPunec2007 a168p